000 01945nam a22004337a 4500
003 CHAP
005 20220329140507.0
008 971013s1949 r 00010 d
010 _a52785
011 _a53757
035 _a57907
040 _cCHAP
082 _a631.4
_bW67Y 1941
100 0 0 _aWorthen, Edmund L.
_9122760
245 _aSuelos agrícolas
_b: su conservación y fertilización
260 _aMéxico, D.F. :
_bUTEHA,
_c1949
300 _a463 p.
_b: ilus.
500 _aTrad. de la 4 ed. de 1941
590 _aBATCH-UPD
_b10
_c20130110
_lUCH01
_h0407
590 _aCONVERSION
_b10
_c20130109
_lUCH01
_h1329
650 1 4 _aFertilizantes y abonos.
_940646
650 1 4 _aSuelos.
_9110191
901 _aBK
942 _cLIBRO
949 _a631.4 W67Y 1941
_bBC
_cLIBRO
_d-125785
_eLIBRO
_h21124
_i57907
_si
949 _a631.4 W67Y 1941
_bBC
_cLIBRO
_d-125797
_eLIBRO
_fc.7
_h21130
_i57907
_si
949 _a631.4 W67Y 1941
_bBC
_cLIBRO
_d-125798
_eLIBRO
_fc.8
_h21131
_i57907
_si
949 _a631.4 W67Y 1941
_bBC
_cLIBRO
_d33724000065413
_eLIBRO
_fc.14
_h21137
_i57907
_si
949 _a631.4 W67Y 1941
_bBC
_cLIBRO
_d33724000065421
_eLIBRO
_fc.13
_h21136
_i57907
_si
949 _a631.4 W67Y 1941
_bBC
_cLIBRO
_d33724000065439
_eLIBRO
_fc.12
_h21135
_i57907
_si
949 _a631.4 W67Y 1941
_bBC
_cLIBRO
_d33724000065447
_eLIBRO
_fc.10
_h21133
_i57907
_si
949 _a631.4 W67Y 1941
_bBC
_cLIBRO
_d33724000065454
_eLIBRO
_fc.9
_h21132
_i57907
_si
949 _a631.4 W67Y 1941
_bBC
_cLIBRO
_d33724000065462
_eLIBRO
_fc.6
_h21129
_i57907
_si
949 _a631.4 W67Y 1941
_bBC
_cLIBRO
_d33724000065470
_eLIBRO
_fc.4
_h21127
_i57907
_si
949 _a631.4 W67Y 1941
_bBC
_cLIBRO
_d33724000065488
_eLIBRO
_fc.3
_h21126
_i57907
_si
949 _a631.4 W67Y 1941
_bBC
_cLIBRO
_d33724000065496
_eLIBRO
_fc.2
_h2112
_i57907
_si
949 _a631.4 W67Y 1941
_bBC
_cLIBRO
_d33724000065520
_eLIBRO
_fc.11
_h21134
_i57907
_si
949 _a631.4 W67Y 1941
_bBC
_cLIBRO
_d33724000907077
_eLIBRO
_fc.5
_h21128
_i57907
_si
999 _c52785
_d52785